Lafarge Redland Aggregates Ltd v Shephard Hill Civil Engineering Ltd (Record no. 64538)

MARC details
000 -LEADER
fixed length control field 01990cam a2200217 4500
001 - CONTROL NUMBER
control field ABS62731
008 - FIXED-LENGTH DATA ELEMENTS--GENERAL INFORMATION
fixed length control field 000000n2000 000 0 eng u
035 ## - SYSTEM CONTROL NUMBER
System control number (Sirsi) u108023
245 ## - TITLE STATEMENT
Title Lafarge Redland Aggregates Ltd v Shephard Hill Civil Engineering Ltd
260 ## - PUBLICATION, DISTRIBUTION, ETC.
Date of publication, distribution, etc. 2000
490 ## - SERIES STATEMENT
Series statement Weekly Law Reports
Volume/sequential designation [2000] 1WLR 1621-1643(12)
520 ## - SUMMARY, ETC.
Summary, etc. HL 27 July 2000. Employer, a local authority, engaged the contractor, S, to construct a bypass under a contract incorporating an amended form of the ICE Standard Form of Contract, 5th edition. Clause 66 of the contract allowed for any disputes to be settled by the engineer. S then engaged a subcontractor to supply the surfacing for the carriageway under a contract incorporating, with amendments, the FCEC Standard Form of Subcontract. Clause 18 of this contract provided for any dispute under the subcontract to be referred to arbitration. However, Clause 18(2) allowed the contractor to serve notice on the subcontractor requiring the dispute to be to be dealt with jointly under the main contract. Disputes arose under both contracts. L gave notice of its intention to to refer its dispute to arbitration. S announced it was entitled to proceed by negotiation with the employer. S failed to engage the engineer and L sought a a declaration that S had waived its right to rely on Clause 18(2). Judge dismissed summons. CA allowed L's appeal. HL dismissed contractor's appeal. (Full judgement available on http://www.parliament.the-stationery-office.co.uk/pa/ld/ldjudinf.htm
590 ## - LOCAL NOTE (RLIN)
Local note ABS
650 ## - SUBJECT ADDED ENTRY--TOPICAL TERM
Topical term or geographic name entry element LAFARGE REDLAND AGGREGATES LTD V SHEPHARD HILL CIVIL ENGINEERING LTD
650 ## - SUBJECT ADDED ENTRY--TOPICAL TERM
Topical term or geographic name entry element MANAGEMENT-DISPUTE AVOIDANCE, MANAGEMENT AND RESOLUTION-DISPUTE MANAGEMENT AND RESOLUTION-ARBITRATION
650 ## - SUBJECT ADDED ENTRY--TOPICAL TERM
Topical term or geographic name entry element DISPUTE RESOLUTION
9 (RLIN) 6236
650 ## - SUBJECT ADDED ENTRY--TOPICAL TERM
Topical term or geographic name entry element ICE FORM OF CONTRACT
650 ## - SUBJECT ADDED ENTRY--TOPICAL TERM
Topical term or geographic name entry element FCEC FORM OF SUBCONTRACT
690 ## - LOCAL SUBJECT ADDED ENTRY--TOPICAL TERM (OCLC, RLIN)
Topical term or geographic name as entry element MANGEMENT-DISPUTE AVOIDANCE, MANAGEMENT AND RESOLUTION-DISPUTE MANAGEMENT AND RESOLUTION
942 ## - ADDED ENTRY ELEMENTS (KOHA)
Suppress in OPAC 0
Holdings
Withdrawn status Lost status Source of classification or shelving scheme Damaged status Not for loan Home library Current library Shelving location Date acquired Total Checkouts Full call number Barcode Date last seen Copy number Price effective from Koha item type
    Dewey Decimal Classification     London London Journal article 29/08/2000   ABS62731 108023-1001 06/08/2019 1 06/08/2019 Law report